书目信息 |
| 题名: |
超越东西方
|
|
| 作者: | 吴经熊 著 | |
| 分册: | ||
| 出版信息: | 北京 社会科学文献出版社 2013.07 |
|
| 页数: | 294页 | |
| 开本: | 20cm | |
| 丛书名: | ||
| 单 册: | ||
| 中图分类: | K825.19 | |
| 科图分类: | ||
| 主题词: | 人物--传记--中国 | |
| 电子资源: | ||
| ISBN: | 7-5097-4463-6 | |
| 000 | 00665nam0 2200217 450 | |
| 001 | 2658664898 | |
| 005 | 20260414161844.83 | |
| 010 | @a7-5097-4463-6@dCNY59.00 | |
| 100 | @a20260414d2013 km y0chiy0120 ea | |
| 101 | 0 | @achi |
| 102 | @aCN@b110000 | |
| 102 | @aCN@b110000 | |
| 200 | 1 | @a超越东西方@AChao Yue Dong Xi Fang@e吴经熊自传@f吴经熊著@FWu Jing Xiong Zhu |
| 210 | @a北京@c社会科学文献出版社@d2013.07 | |
| 215 | @a294页@d20cm | |
| 517 | 1 | @a吴经熊自传@AWu Jing Xiong Zi Zhuan |
| 606 | 0 | @a人物@x传记@x中国 |
| 690 | @aK825.19@v4 | |
| 701 | 0 | @a吴经熊@AWu Jing Xiong@4著 |
| 801 | 0 | @aCN@b大连网信软件有限公司图书馆·11@c20260414 |
| 905 | @aZUCC@dK825.19@e1673 | |
| 超越东西方:吴经熊自传/吴经熊著.-北京:社会科学文献出版社,2013.07 |
| 294页;20cm |
| ISBN 7-5097-4463-6:CNY59.00 |
| ● |
| 相关链接 |
|
|
|
|
正题名:超越东西方
索取号:K825.19/1673
 
预约/预借
| 序号 | 登录号 | 条形码 | 馆藏地/架位号 | 状态 | 备注 |